| 000 | 00794nam a2200217 a 4500 | ||
|---|---|---|---|
| 001 | 000042248 | ||
| 003 | OSt | ||
| 005 | 20201002040028.0 | ||
| 008 | 131120s1982 000 spa d | ||
| 040 |
_aDO-SdBNP _bspa _cBNPHU |
||
| 100 | 1 |
_aLivio, Tito _943449 |
|
| 245 | 1 | 0 |
_aAB Urbe Condita : _b liber XXX / _cTito Livio, texto en latín con notas vocabulario de nombres históricos, geográficos y arqueológicos por Santiago Segura Munguía. |
| 260 |
_aMadrid : _bGredos, _c1952. |
||
| 300 |
_a164 p. ; _c17 cm. |
||
| 490 | 1 | _aClásicos Gredos, Textos escolares | |
| 500 | _aTexto latino con notas y vocabulario de nombres históricos. | ||
| 700 | 1 |
_aSegura Munguía, Santiago _976677 |
|
| 830 | 0 |
_aClásicos Gredos, Textos escolares _969471 |
|
| 942 |
_2ddc _cLF1 |
||
| 956 | _aLOPEREZ | ||
| 999 |
_c41737 _d41737 |
||